Dancing With Our Hands Tied lyrics - Statistics

General Stats
  • This quiz has been taken 198 times
  • The average score is 345 of 409
Answer Stats
Lyrics % Correct
with
100%
hands
98%
Hands
98%
I,
98%
I
98%
we
98%
were
98%
our
97%
dancing,
96%
dancing
96%
Dancing
96%
tied,
96%
tied
96%
a
93%
love
93%
Oh,
93%
oh,
93%
was
93%
yeah,
93%
Yeah,
93%
Yeah
93%
you
93%
You
93%
an
91%
but
91%
But
91%
in
91%
it
91%
First
90%
first
90%
the
90%
and
89%
And
89%
my,
89%
my
89%
your
89%
to
88%
could
87%
know,
87%
know
87%
me
87%
had
85%
how
85%
secret
84%
time,
84%
time
84%
who
84%
like
83%
that
83%
loved
82%
pockets
82%
bad
81%
feeling
81%
feeling,
81%
no
81%
dance,
79%
dance
79%
of
79%
forever
78%
old
78%
without
78%
out
76%
reason
76%
world
76%
years
76%
blue,
75%
Deep
75%
deep
75%
twenty-five
75%
been
74%
could've
74%
face
74%
invisible
74%
locket
74%
Picture
74%
there
74%
one
73%
golden
72%
nothing
72%
stop
72%
us
72%
would
72%
If
71%
painted
71%
said
71%
again
70%
held
70%
can
69%
close
67%
frozen
67%
it's
67%
oasis
67%
I'm
66%
baby,
65%
I'd
65%
into
65%
as
63%
lights
63%
spent
63%
turned
63%
room
62%
water
62%
sacred
61%
say,
61%
say
61%
spite
61%
bed
60%
'cause
60%
down
60%
kiss
60%
rushes
60%
hold
58%
through
58%
sight,
57%
went
57%
divide
56%
knew
56%
mess,
56%
mess
56%
burned
55%
fears
55%
wanted
55%
keeping
54%
So,
54%
got
53%
gravity
53%
take
53%
avalanche?
52%
People
52%
darling,
51%
paces
51%
talking,
51%
started
48%
putting
46%
Swaying
45%
No matching quizzes found
Score Distribution
Percent of People with Each Score
Percentile by Number Answered
Your Score History
You have not taken this quiz